000
00292nam a2200121 a 4500
005
20140414132110.0
008
110823s19uu xx 00 eng d
050
_a
TR
_b
K94 2010
100
_a
Chua, Scott Lee
245
_a
Kuala Lumpur.
260
_a
Manila :
_b
Anvil,
_c
2010.
999
_c
114716
_d
114716